000 00334 a2200169 4500
001 172549
020 _a85-08-00745-0
040 _cMagnum
100 _aFrança, Mary
240 1 0 _aNa roça!
_lpor
245 1 0 _aNa roça!
300 _a16
362 0 _a1996
440 1 _aÁtica
697 _aLITERATURA INFANTIL
942 _cBK
999 _c172549
_d172549